| 000 | 00376 a2200169 4500 | ||
|---|---|---|---|
| 001 | 68923 | ||
| 020 | _a8516048241 | ||
| 040 | _cAnchieta - Itaigara | ||
| 100 | _aMachado, Ana Maria | ||
| 240 | 1 | 0 |
_aDelícias e gostosuras _lpor |
| 245 | 1 | 0 | _aDelícias e gostosuras |
| 300 | _a28 | ||
| 362 | 0 | _a2005 | |
| 440 | 1 | _aSalamandra | |
| 650 | 4 | _aLiteratura infantil | |
| 942 | _cBK | ||
| 999 |
_c68923 _d68923 |
||